000 00271nam a2200121Ia 4500
100 _aMachinery yellow back series
942 _cBK
654 _aBoring
245 _aFine boring & Turning
260 _bMachinery Publication
_c2001
082 _a621.9
546 _aENGLISH
999 _c30841
_d30841